000 01512nam0a22003611 4500
001 RU\NLR\A1SV\28819
005 20251203171251.9
035 _a(NLR Aleph) 009712756
090 _a9841540
_c9841540
100 _a19800823d1926 u y0rusy50 ca
101 1 _arus
_cger
102 _aRU
200 1 _aСельскохозяйственное счетоводство
_fГольц, Т., проф.
_gПер. В.Э.Брунста
_gПод ред. и с прим. проф. А.Ф.Фортунатова
205 _a4-е изд.
210 _aМ.
_cГос. техн. изд-во
_d1926
215 _a88 с.
_cбланк.
_d27 см
225 _aС.-х. б-ка
_iБ. Сер.4
_v№ IX-16
451 0 _1001RU\NLR\A1SV\28818
_99841534
_aГольц, Т.А. фон дер (1836-1905)
_cМ.
_d1925
_e3-е изд.
_fГольц, Т., проф.
_nГос. техн. изд-во
_p100 с.
_tСельскохозяйственное счетоводство
620 _dМосква
700 1 _aГольц
_bТ.А. фон дер
_f1836-1905
_gТеодор Александр фон дер
_4070
702 1 _aФортунатов
_bА.Ф.
_f1856-1925
_gАлексей Федорович
_4070
702 1 _aБрунст
_bВ.Э.
_f1864-1932
_gВиктор Эмильевич
_4070
801 0 _aRU
_bNLR
_c19800823
852 _aNLR
_j7/126-16
899 _aКирОУНБ
899 _aРГБ
899 _aРКП
899 _aНБЛ КГУ
899 _aНБ Бел.
942 _cBOOK
980 _aNB
980 _aA1SV